Normal view
MARC view
- Monsarrat, Nicholas
Entry Personal Name
001 - CONTROL NUMBER
- control field: 107578
003 - CONTROL NUMBER IDENTIFIER
- control field: NUST
005 - DATE AND TIME OF LATEST TRANSACTION
- control field: 20230124184959.0
008 - FIXED-LENGTH DATA ELEMENTS
- fixed length control field: 230124|| aca||aabn | a|a d
040 ## - CATALOGING SOURCE
- Original cataloging agency: NUST
- Transcribing agency: NUST
100 ## - HEADING--PERSONAL NAME
- Personal name: Monsarrat, Nicholas
670 ## - SOURCE DATA FOUND
- Source citation: Work cat.: (NUST)186795: Monsarrat, Nicholas,, Richer than all his tribe /, 1968.
